| 000 | 00560nam a2200217Ia 4500 | ||
|---|---|---|---|
| 005 | 20240404140853.0 | ||
| 008 | 131103s9999 xx 000 0 und d | ||
| 020 | _cRs.65 | ||
| 040 | _aLoreto College | ||
| 041 | _aEnglish | ||
| 082 |
_a301 _bBAN |
||
| 100 | _aBanerji, Kanailal | ||
| 245 |
_aOn Teaching Economics and Civics _cKanailal Banerji and Dipti Sanyal |
||
| 260 |
_aKolkata _bDasgupta _c2001 |
||
| 300 | _a144p. | ||
| 504 | _aIncludes reference | ||
| 650 | _aSocial science | ||
| 700 | _aSanyal, Dipti | ||
| 850 | _aLCBED | ||
| 942 | _cBK | ||
| 999 |
_c26565 _d77044 |
||